Southampton FC Squad 2023-2024 - Statistics

General Stats
  • This quiz has been taken 38 times
  • The average score is 19 of 28
Answer Stats
# Position Nation Player % Correct
9 FW England Adam Armstrong
87%
7 MF Nigeria Joe Aribo
87%
17 MF Scotland Stuart Armstrong
87%
31 GK Ireland Gavin Bazunu
84%
2 DF England Kyle Walker-Peters
84%
16 MF Ireland Will Smallbone
84%
1 GK England Alex McCarthy
81%
10 FW Scotland Ché Adams
81%
35 DF Poland Jan Bednarek
81%
5 DF England Jack Stephens
77%
- Coach Scotland Russell Martin
77%
22 MF Argentina Carlos Alcaraz
74%
36 FW Wales David Brooks
68%
13 GK England Joe Lumley
68%
20 FW Ghana Kamaldeen Sulemana
68%
18 FW France Sékou Mara
68%
21 DF England Taylor Harwood-Bellis
68%
4 MF England Flynn Downes
65%
3 DF Ireland Ryan Manning
65%
23 FW England Samuel Edozie
65%
26 FW Scotland Ryan Fraser
61%
24 MF Northern Ireland Shea Charles
58%
14 DF England James Bree
52%
19 MF England Joe Rothwell
52%
28 DF Spain Juan Larios
52%
11 FW Scotland Ross Stewart
48%
6 DF England Mason Holgate
35%
27 FW England Samuel Amo-Ameyaw
35%
No matching quizzes found
Score Distribution
Percent of People with Each Score
Percentile by Number Answered
Your Score History
You have not taken this quiz